[Event "Titled Tue 24th Jun Early"]
[Site "chess.com INT"]
[Date "2025.06.24"]
[Round "1"]
[White "Arakelyan, Manvel"]
[Black "Suarez, Sebastian"]
[Result "1-0"]
[WhiteTitle "FM"]
[WhiteElo "2326"]
[BlackElo "2161"]
[WhiteFideId "13317415"]
[BlackFideId "30979080"]
[EventDate "2025.06.24"]

1. e4 c6 2. d4 d5 3. Nd2 dxe4 4. Nxe4 Nf6 5. Nxf6+ exf6 6. c3 Bd6 7. Bd3 O-O 8.
Qc2 Re8+ 9. Ne2 h5 10. Be3 Qc7 11. O-O-O Be6 12. c4 a5 13. Nc3 Na6 14. a3 Rac8
15. Kb1 Bd7 16. h3 b5 17. d5 b4 18. Ne4 bxa3 19. dxc6 Rb8 20. cxd7 Rxe4 21. Bxe4
Rxb2+ 22. Qxb2 axb2 23. c5 Be7 24. Rhe1 Bd8 25. c6 Qe5 26. Bd4 Qb5 27. Bd3 Qa4
28. Re8# 1-0

[Event "Titled Tue 24th Jun Early"]
[Site "chess.com INT"]
[Date "2025.06.24"]
[Round "1"]
[White "Reshetnikov, Alexey"]
[Black "Rudolph, Anna"]
[Result "1/2-1/2"]
[WhiteTitle "IM"]
[BlackTitle "WIM"]
[WhiteElo "2492"]
[BlackElo "2198"]
[WhiteFideId "4162080"]
[BlackFideId "14102404"]
[EventDate "2025.06.24"]

1. d4 d5 2. c4 e6 3. Nc3 a6 4. cxd5 exd5 5. Bf4 h6 6. e3 Nf6 7. Bd3 Bd6 8. Bxd6
Qxd6 9. h3 O-O 10. Nf3 Nc6 11. O-O Ne7 12. Qc2 g6 13. Rac1 Bf5 14. Ne1 c6 15.
Na4 Bxd3 16. Nxd3 Nf5 17. Nac5 Rfb8 18. b4 Qc7 19. a4 Nd6 20. a5 Nc4 21. Qe2 b6
22. axb6 Rxb6 23. Ra1 a5 24. bxa5 Rxa5 25. Rxa5 Nxa5 26. Ne5 Rb5 27. Qf3 Kg7 28.
Rc1 Qd6 29. g4 Qb8 30. Ncd7 Qd6 31. Nxf6 Qxf6 32. Qxf6+ Kxf6 33. Nxc6 Nxc6 34.
Rxc6+ Ke7 35. h4 Rb2 36. Kg2 Ra2 37. h5 gxh5 38. gxh5 f6 39. Rc7+ Ke6 40. Rh7
Kf5 41. Rxh6 Kg5 42. Rh8 Rb2 43. Rc8 Kxh5 44. Rc5 Kg6 45. Rxd5 Ra2 46. Kg3 Kf7
47. e4 Ke6 48. f3 Ra1 49. Ra5 Rxa5 1/2-1/2

[Event "Titled Tue 24th Jun Early"]
[Site "chess.com INT"]
[Date "2025.06.24"]
[Round "1"]
[White "Sahib, Singh"]
[Black "Zaksaite, Salomeja"]
[Result "1-0"]
[WhiteTitle "FM"]
[BlackTitle "WGM"]
[WhiteElo "2407"]
[BlackElo "2133"]
[WhiteFideId "25618342"]
[BlackFideId "12801496"]
[EventDate "2025.06.24"]

1. e4 Nf6 2. e5 Nd5 3. d4 d6 4. c4 Nb6 5. exd6 cxd6 6. Nc3 g6 7. Be3 Bg7 8. Rc1
O-O 9. b3 e5 10. dxe5 dxe5 11. Qxd8 Rxd8 12. c5 N6d7 13. Bc4 Nc6 14. Nf3 Nf8 15.
Ng5 Ne6 16. Bxe6 Bxe6 17. Nxe6 fxe6 18. O-O Rac8 19. Rfd1 Nd4 20. Bxd4 exd4 21.
Ne4 Rd5 22. Kf1 Rc7 23. Ke2 Kf7 24. b4 Bf8 25. Rc4 e5 26. Kd3 a5 27. bxa5 Ke6
28. Rb1 Rd8 29. Rb6+ Kd7 30. a6 bxa6 31. Rxa6 Rb8 32. Nf6+ Kc8 33. Nd5 Rd7 34.
Nb6+ 1-0

[Event "Titled Tue 24th Jun Early"]
[Site "chess.com INT"]
[Date "2025.06.24"]
[Round "1"]
[White "De Boer, Eelke"]
[Black "Caku, Kler"]
[Result "1-0"]
[WhiteTitle "IM"]
[BlackTitle "WFM"]
[WhiteElo "2409"]
[BlackElo "2010"]
[WhiteFideId "1048120"]
[BlackFideId "4704703"]
[EventDate "2025.06.24"]

1. e4 e5 2. Nf3 Nc6 3. Bb5 a6 4. Ba4 Nf6 5. O-O b5 6. Bb3 Be7 7. d4 d6 8. a4 Bb7
9. axb5 axb5 10. Rxa8 Qxa8 11. Nc3 Qa5 12. Nd5 exd4 13. Nxe7 Nxe7 14. Qxd4 O-O
15. Re1 Nc6 16. Qe3 Ne5 17. Nxe5 dxe5 18. Bd2 Qa8 19. f3 Rd8 20. Bc3 Qc8 21.
Bxe5 Nd7 22. Bc3 c5 23. Qg5 g6 24. Qh6 1-0

[Event "Titled Tue 24th Jun Early"]
[Site "chess.com INT"]
[Date "2025.06.24"]
[Round "1"]
[White "Sobek, Jaroslav"]
[Black "Lowinger, Daniel"]
[Result "0-1"]
[WhiteTitle "FM"]
[WhiteElo "2195"]
[BlackElo "2086"]
[WhiteFideId "301388"]
[BlackFideId "2005557"]
[EventDate "2025.06.24"]

1. d4 Nf6 2. c4 g6 3. Nc3 Bg7 4. e4 d6 5. h3 O-O 6. Bg5 Nbd7 7. Nf3 e5 8. d5 h6
9. Be3 a5 10. g4 Nc5 11. Nd2 c6 12. f3 a4 13. h4 cxd5 14. cxd5 Ne8 15. h5 g5 16.
Bxc5 dxc5 17. Nxa4 Qa5 18. Nc3 Nd6 19. Nc4 Nxc4 20. Bxc4 Qb4 21. Qe2 Bd7 22. O-O
b5 23. Bxb5 Bxb5 24. Qxb5 Qd4+ 25. Kg2 Rfb8 26. Qe2 c4 27. Rad1 Qc5 28. d6 Rd8
29. Qd3 cxd3 0-1

[Event "Titled Tue 24th Jun Early"]
[Site "chess.com INT"]
[Date "2025.06.24"]
[Round "1"]
[White "Harshit, Ranjan Sahu"]
[Black "Sailer, Mike"]
[Result "1-0"]
[WhiteTitle "CM"]
[WhiteElo "2191"]
[BlackElo "2108"]
[WhiteFideId "25638815"]
[BlackFideId "2012901"]
[EventDate "2025.06.24"]

1. e4 d5 2. exd5 Qxd5 3. Nc3 Qd6 4. Nf3 c6 5. d4 Bf5 6. Bd3 Bxd3 7. Qxd3 Nf6 8.
Bg5 Nbd7 9. O-O-O e6 10. Kb1 O-O-O 11. Qe2 Qc7 12. Ne5 Nxe5 13. dxe5 Rxd1+ 14.
Rxd1 Nd5 15. Nxd5 cxd5 16. c4 h6 17. Bh4 g5 18. cxd5 gxh4 19. Rc1 Bc5 20. b4 b6
21. bxc5 bxc5 22. Qb5 Qb6 23. Rxc5+ Kb7 24. d6 Rg8 25. Rc7+ Kb8 26. Qxb6+ axb6
27. Rxf7 Rxg2 28. Rf8+ 1-0

[Event "Titled Tue 24th Jun Early"]
[Site "chess.com INT"]
[Date "2025.06.24"]
[Round "1"]
[White "Gogolev, Artem"]
[Black "Linares Orellana, Hector Jose"]
[Result "1-0"]
[WhiteTitle "IM"]
[BlackTitle "FM"]
[WhiteElo "2240"]
[BlackElo "2111"]
[WhiteFideId "4116615"]
[BlackFideId "7304307"]
[EventDate "2025.06.24"]

1. d4 d5 2. c4 e6 3. Nf3 Nf6 4. g3 Be7 5. Bg2 O-O 6. O-O dxc4 7. Qc2 a6 8. a4
Bd7 9. Rd1 Bc6 10. Nc3 Nbd7 11. e4 b5 12. d5 exd5 13. e5 Ne4 14. Nxd5 Nec5 15.
Nxe7+ Qxe7 16. Ng5 g6 17. Bxc6 Rab8 18. axb5 axb5 19. f4 h6 20. Ne4 Nxe4 21.
Qxe4 Nc5 22. Qf3 Nb3 23. Rb1 Rb6 24. Be3 Rbb8 25. Rd7 Qb4 26. Rbd1 Na5 27. Bd5
Qxb2 28. Qe4 Kg7 29. Bd4 c3 30. e6+ Kh7 31. Qe5 1-0

[Event "Titled Tue 24th Jun Early"]
[Site "chess.com INT"]
[Date "2025.06.24"]
[Round "1"]
[White "Lloret Ramis, Juan Jose"]
[Black "Zlatin, Alexander"]
[Result "0-1"]
[WhiteTitle "FM"]
[BlackTitle "FM"]
[WhiteElo "2019"]
[BlackElo "2313"]
[WhiteFideId "2204053"]
[BlackFideId "2810549"]
[EventDate "2025.06.24"]

1. d4 d5 2. c4 c6 3. Nc3 Nf6 4. Nf3 Bf5 5. cxd5 cxd5 6. Qb3 Qb6 7. Nxd5 Nxd5 8.
Qxd5 e6 9. Qb3 Nc6 10. Bd2 Bb4 11. e3 O-O 12. Be2 Be4 13. Bxb4 Nxb4 14. O-O Rfc8
15. Ne1 Bd5 16. Qa3 Nc2 17. Nxc2 Rxc2 18. Bd3 Rxb2 19. Rfb1 Rxb1+ 20. Rxb1 Qc7
21. Qc5 Qxc5 22. dxc5 Rc8 23. Rc1 Bxa2 24. Ra1 Bd5 25. Rxa7 f5 26. Ra5 b6 27.
Ra1 bxc5 28. Kf1 c4 29. Bc2 c3 30. f3 Kf7 31. Ke2 Kf6 32. Ra3 Bc4+ 0-1

[Event "Titled Tue 24th Jun Early"]
[Site "chess.com INT"]
[Date "2025.06.24"]
[Round "1"]
[White "Alvarado, Carlos"]
[Black "Samunenkov, Ihor"]
[Result "0-1"]
[WhiteTitle "CM"]
[BlackTitle "GM"]
[WhiteElo "2032"]
[BlackElo "2562"]
[WhiteFideId "3800555"]
[BlackFideId "14187086"]
[EventDate "2025.06.24"]

1. Nf3 d5 2. b3 c5 3. Bb2 f6 4. e3 e5 5. Bb5+ Bd7 6. a4 Nc6 7. O-O Bd6 8. Nc3
Nge7 9. e4 d4 10. Nd5 Nxd5 11. exd5 Ne7 12. c4 e4 13. Nxd4 cxd4 14. Qh5+ g6 15.
Qh6 Nf5 16. Qh3 Be5 17. Rfe1 Nd6 18. Qe6+ Qe7 19. Bxd7+ Kd8 20. Qxe7+ Kxe7 21.
Be6 f5 22. Ba3 Kf6 23. c5 Ne8 24. d3 Nc7 25. dxe4 Nxe6 26. dxe6 Kxe6 27. exf5+
Kxf5 28. g3 Rad8 29. Rad1 Rhe8 30. Rd3 a5 31. Kg2 g5 32. h3 h5 33. Bc1 Bf6 34.
Rxe8 Rxe8 35. Bd2 Ke4 36. Rf3 Be7 37. Bxa5 Bxc5 38. Bd2 g4 39. Rf4+ Kd3 40. Ba5
b6 41. b4 Bd6 42. Rf6 bxa5 43. Rxd6 axb4 44. hxg4 hxg4 45. a5 b3 46. Rb6 Kc2 47.
a6 b2 0-1

[Event "Titled Tue 24th Jun Early"]
[Site "chess.com INT"]
[Date "2025.06.24"]
[Round "1"]
[White "Sanhueza, Cristian"]
[Black "Li, Yilin"]
[Result "1-0"]
[WhiteTitle "FM"]
[BlackTitle "WFM"]
[WhiteElo "2213"]
[BlackElo "1922"]
[WhiteFideId "116815"]
[BlackFideId "8610410"]
[EventDate "2025.06.24"]

1. e4 c5 2. Nf3 d6 3. d4 cxd4 4. Nxd4 Nf6 5. Nc3 a6 6. Be3 e5 7. Nf3 Be7 8. Bc4
Be6 9. Bb3 O-O 10. O-O Nc6 11. Qe2 b5 12. a3 Qc7 13. Rfd1 Rad8 14. Bg5 Na5 15.
Bxf6 Bxf6 16. Nd5 Qc6 17. Nxf6+ gxf6 18. Bd5 Qc8 19. Nh4 Bg4 20. Qe3 Kg7 21. h3
Bxd1 22. Nf5+ Kh8 23. Qh6 Qxf5 24. exf5 Bxc2 25. Qxf6+ Kg8 26. Rc1 Rc8 27. Qg5+
Kh8 28. Qf6+ Kg8 29. Rxc2 Rxc2 30. Qg5+ Kh8 31. Qf6+ Kg8 32. Qh6 Rfc8 33. f6
Rc1+ 34. Kh2 1-0

[Event "Titled Tue 24th Jun Early"]
[Site "chess.com INT"]
[Date "2025.06.24"]
[Round "1"]
[White "Wijerathna, Vinuka Dihain"]
[Black "Lazavik, Denis"]
[Result "0-1"]
[WhiteTitle "CM"]
[BlackTitle "GM"]
[WhiteElo "2049"]
[BlackElo "2580"]
[WhiteFideId "29981905"]
[BlackFideId "13515110"]
[EventDate "2025.06.24"]

1. e4 c6 2. d4 d5 3. exd5 cxd5 4. Bd3 Nc6 5. c3 Nf6 6. Bf4 Bg4 7. Qb3 e5 8. h3
exf4 9. hxg4 Qd7 10. g5 Ne4 11. Nf3 Be7 12. Nbd2 Nxg5 13. Nxg5 Bxg5 14. Nf3 Bf6
15. O-O-O O-O-O 16. Qc2 g6 17. Kb1 Kb8 18. Rde1 h5 19. Qd2 Qc7 20. Re2 Rhe8 21.
Rhe1 Rxe2 22. Rxe2 a6 23. Re1 Ka7 24. Qe2 g5 25. Nd2 g4 26. f3 g3 27. Nb3 h4 28.
Bf5 Be7 29. Bg4 Bd6 30. Qd3 a5 31. Qf5 a4 32. Nc1 a3 33. b3 Ne7 34. Qd3 f5 35.
Bh3 Rc8 36. Ne2 Re8 37. Rc1 Nc6 38. c4 Re3 39. Qd2 Bb4 40. Qd1 Qe7 41. Nxf4 Re1
42. Qc2 Nxd4 43. Qd3 Rxc1+ 44. Kxc1 Qe1+ 45. Qd1 Bd2+ 46. Kb1 Qxd1# 0-1

[Event "Titled Tue 24th Jun Early"]
[Site "chess.com INT"]
[Date "2025.06.24"]
[Round "1"]
[White "Matyassy, Lazar"]
[Black "Kezin, Roman"]
[Result "0-1"]
[WhiteTitle "FM"]
[BlackTitle "IM"]
[WhiteElo "2251"]
[BlackElo "2471"]
[WhiteFideId "17005167"]
[BlackFideId "24124621"]
[EventDate "2025.06.24"]

1. h3 a5 2. a3 a4 3. e4 h5 4. d4 h4 5. Nc3 Ra5 6. f4 b6 7. Nf3 Bb7 8. Bd3 Nf6 9.
Be3 Nh5 10. Qd2 Ng3 11. O-O-O e6 12. Rhe1 Be7 13. d5 Qc8 14. Ne2 exd5 15. Nxg3
hxg3 16. exd5 Rxd5 17. Bd4 Rg8 18. Qe2 Qd8 19. Be4 Ba6 20. Qe3 Rd6 21. Bh7 Rh8
22. Ng5 Kf8 23. Bxg7+ Kxg7 24. Qxe7 Rxd1+ 25. Kxd1 Qxe7 26. Rxe7 Bc4 27. Bd3 Kf6
28. Re5 Nc6 29. Ne4+ Kg6 30. Rg5+ Kh6 31. Nf6 Be6 32. Ng8+ Rxg8 33. Rxg8 Ne7 34.
Rf8 Kg7 35. Ra8 Bxh3 36. Be4 Bg4+ 37. Ke1 d5 38. Bf3 Bd7 39. Rxa4 Bxa4 0-1

[Event "Titled Tue 24th Jun Early"]
[Site "chess.com INT"]
[Date "2025.06.24"]
[Round "1"]
[White "Cahaya, Satria Duta"]
[Black "Rohde, Michael"]
[Result "1-0"]
[WhiteTitle "FM"]
[BlackTitle "GM"]
[WhiteElo "2386"]
[BlackElo "2246"]
[WhiteFideId "7124252"]
[BlackFideId "2000172"]
[EventDate "2025.06.24"]

1. d4 Nf6 2. Bf4 c6 3. Nd2 g6 4. e4 d5 5. e5 Nh5 6. Be3 Ng7 7. c3 Nf5 8. Bf4 Bg7
9. Bd3 Na6 10. g4 Nh6 11. h3 Nc7 12. Qe2 Ne6 13. Bg3 O-O 14. f4 f5 15. g5 Nf7
16. Ngf3 h5 17. gxh6 Bxh6 18. O-O-O Nxf4 19. Bxf4 Bxf4 20. Rdg1 Nh8 21. h4 Kf7
22. h5 gxh5 23. e6+ Bxe6 24. Ng5+ Bxg5 25. Qxh5+ Ng6 26. Rxg5 Rg8 27. Nf3 Kf6
28. Rxf5+ Bxf5 29. Qxf5+ Kg7 30. Qxg6+ Kf8 31. Qf5+ Ke8 32. Ne5 Qd6 33. Qf7+ Kd8
34. Qxg8+ Kc7 35. Qxa8 Qf6 36. Qb8+ Kxb8 37. Nd7+ Kc7 38. Nxf6 exf6 39. Kd2 Kb6
40. Ke3 1-0

[Event "Titled Tue 24th Jun Early"]
[Site "chess.com INT"]
[Date "2025.06.24"]
[Round "1"]
[White "Barrientos, Ernesto"]
[Black "Krsnik Cohar, Ivan Vihor"]
[Result "0-1"]
[WhiteTitle "CM"]
[BlackTitle "FM"]
[WhiteElo "2027"]
[BlackElo "2362"]
[WhiteFideId "3701247"]
[BlackFideId "14520044"]
[EventDate "2025.06.24"]

1. e4 d5 2. exd5 Qxd5 3. Nc3 Qe5+ 4. Be2 c6 5. Nf3 Qc7 6. O-O Bf5 7. d4 e6 8.
Bd3 Bxd3 9. Qxd3 Nf6 10. Bg5 Nbd7 11. Rad1 h6 12. Bh4 Bd6 13. Ne4 Nxe4 14. Qxe4
O-O 15. c4 Rfe8 16. Rfe1 Be7 17. Bxe7 Rxe7 18. Ne5 Nf6 19. Qf4 Rd8 20. b3 Qa5
21. Qd2 Qb6 22. Qc3 Nd7 23. Nd3 Nf8 24. Nc5 Qc7 25. Ne4 Ng6 26. c5 Red7 27. Nd6
Rxd6 28. cxd6 Rxd6 29. Qg3 Qd7 30. Qf3 Rxd4 31. Rxd4 Qxd4 32. Rd1 Qb2 33. a4 Ne5
34. Rd8+ Kh7 35. Qe4+ f5 36. Qd4 Qxb3 37. h4 Qb1+ 38. Kh2 Ng4+ 39. Kg3 Qh1 40.
Rd7 Qh2+ 41. Kf3 Ne5+ 42. Ke2 Nxd7 43. Qxd7 Qxg2 44. Qd6 Qe4+ 45. Kf1 Qxa4 46.
Qxe6 Qe4 47. Qd7 b5 48. Qxa7 b4 49. Qb6 Qh1+ 50. Ke2 Qxh4 51. Qxc6 Qe4+ 52. Qxe4
fxe4 53. Kd2 h5 0-1

[Event "Titled Tue 24th Jun Early"]
[Site "chess.com INT"]
[Date "2025.06.24"]
[Round "1"]
[White "Firouzja, Alireza"]
[Black "Delorme, Axel"]
[Result "1-0"]
[WhiteTitle "GM"]
[BlackTitle "GM"]
[WhiteElo "2766"]
[BlackElo "2475"]
[WhiteFideId "12573981"]
[BlackFideId "632023"]
[EventDate "2025.06.24"]

1. e4 c5 2. Nf3 d6 3. d4 cxd4 4. Nxd4 Nf6 5. Bd3 Nc6 6. Be3 Ng4 7. Nxc6 bxc6 8.
Bd2 g6 9. Bc3 Nf6 10. Nd2 Bg7 11. Qe2 O-O 12. O-O Bg4 13. Nf3 Nd7 14. Bxg7 Kxg7
15. h3 Bxf3 16. Qxf3 Ne5 17. Qg3 Qb6 18. b3 Nxd3 19. Qxd3 a5 20. Qc3+ Kg8 21. a4
c5 22. e5 Qb4 23. Qxb4 cxb4 24. exd6 exd6 25. Rfd1 Rfc8 26. Rd2 Rc5 27. Re1 Rac8
28. Ree2 d5 29. Kf1 h5 30. Ke1 Kg7 31. Kd1 Kf6 32. Rd4 Rd8 33. Rf4+ Kg7 34. Re7
Rf8 35. h4 Rc6 36. Rd7 Rf6 37. Rxf6 Kxf6 38. Rxd5 Re8 39. Rxa5 Re4 40. g3 Re6
41. Rb5 1-0

[Event "Titled Tue 24th Jun Early"]
[Site "chess.com INT"]
[Date "2025.06.24"]
[Round "1"]
[White "Predein, Vladimir"]
[Black "Shogdzhiev, Roman"]
[Result "0-1"]
[WhiteTitle "IM"]
[BlackTitle "FM"]
[WhiteElo "2373"]
[BlackElo "2402"]
[WhiteFideId "4117786"]
[BlackFideId "55653537"]
[EventDate "2025.06.24"]

1. e4 c5 2. Nf3 d6 3. d4 cxd4 4. Qxd4 Nc6 5. Qe3 Nf6 6. h3 g6 7. Be2 Bg7 8. O-O
O-O 9. c4 h6 10. Nc3 Be6 11. Rb1 Rc8 12. b3 Qa5 13. Bb2 Nd7 14. Rfd1 Qc5 15. Qf4
Nde5 16. Nd5 Nxf3+ 17. Bxf3 Bxd5 18. exd5 Bxb2 19. dxc6 Be5 20. Qxh6 bxc6 21.
Bg4 e6 22. Rd3 Bg7 23. Qd2 d5 24. Rc1 Qa3 25. b4 Qa6 26. c5 Qb5 27. h4 a5 28. a3
axb4 29. axb4 Rb8 30. Rb1 Qc4 31. Rg3 Be5 32. Be2 Qxh4 33. Rh3 Qf6 34. b5 Bd4
35. Qc1 Qxf2+ 36. Kh1 Qxe2 37. Qh6 Rfe8 38. Rg3 Bg7 39. Qf4 Rxb5 40. Rf1 Rb7 41.
Rh3 Qe4 42. Qd6 Qe5 43. Qxc6 Reb8 44. Rhf3 Rb1 45. Rxf7 Qh5+ 46. Kg1 Bd4+ 0-1

[Event "Titled Tue 24th Jun Early"]
[Site "chess.com INT"]
[Date "2025.06.24"]
[Round "1"]
[White "Kramnik, Vladimir"]
[Black "Norman, Kseniya"]
[Result "1-0"]
[WhiteTitle "GM"]
[BlackTitle "WFM"]
[WhiteElo "2753"]
[BlackElo "2069"]
[WhiteFideId "4101588"]
[BlackFideId "13518780"]
[EventDate "2025.06.24"]

1. Nf3 Nf6 2. g3 g6 3. Bg2 Bg7 4. c4 O-O 5. Nc3 d6 6. O-O e5 7. d3 c6 8. h3 h6
9. e4 Be6 10. Re1 Nbd7 11. b3 Re8 12. d4 exd4 13. Nxd4 Nc5 14. Bb2 Qd7 15. Kh2
Rad8 16. Qd2 a5 17. Rad1 Qc7 18. f4 Bc8 19. Qc2 h5 20. Nf3 Re7 21. Ba3 b6 22. e5
Ne8 23. Bxc5 dxc5 24. Rxd8 Qxd8 25. Ne4 Bf5 26. Nh4 Be6 27. Ng5 Qc8 28. Nxg6
fxg6 29. Qxg6 Bf5 30. Qxh5 Bf8 31. Qf3 Rg7 32. g4 Bd7 33. e6 Nf6 34. exd7 Qxd7
35. Ne6 Rh7 36. g5 Qd2 37. Re2 1-0

[Event "Titled Tue 24th Jun Early"]
[Site "chess.com INT"]
[Date "2025.06.24"]
[Round "1"]
[White "Bacus, Dharim"]
[Black "Harsha, Bharathakoti"]
[Result "0-1"]
[WhiteTitle "FM"]
[BlackTitle "GM"]
[WhiteElo "2131"]
[BlackElo "2527"]
[WhiteFideId "5201527"]
[BlackFideId "5078776"]
[EventDate "2025.06.24"]

1. e4 e6 2. d4 d5 3. Nd2 c5 4. Ngf3 cxd4 5. Nxd4 Nf6 6. Bd3 Nbd7 7. exd5 Nxd5 8.
O-O Be7 9. N2f3 O-O 10. a3 Nc5 11. Be2 a5 12. c4 Nb6 13. b3 Bf6 14. Bb2 e5 15.
Nb5 Qxd1 16. Bxd1 a4 17. b4 Nxc4 18. bxc5 Nxb2 19. Be2 e4 20. Nd2 Nd3 21. Rab1
Nxc5 22. Rfc1 Rd8 23. Rxc5 Rxd2 24. Nc7 Rb8 25. Na6 Rxe2 26. Nxb8 Be6 27. Kf1
Ra2 28. Nd7 Bxd7 29. Rd1 Bc6 0-1

[Event "Titled Tue 24th Jun Early"]
[Site "chess.com INT"]
[Date "2025.06.24"]
[Round "1"]
[White "Klys, Kacper"]
[Black "Volovich, Vasily"]
[Result "1-0"]
[WhiteTitle "CM"]
[BlackTitle "FM"]
[WhiteElo "2218"]
[BlackElo "2177"]
[WhiteFideId "21005281"]
[BlackFideId "34169676"]
[EventDate "2025.06.24"]

1. e4 e6 2. d4 d5 3. Nd2 c5 4. Ngf3 cxd4 5. Nxd4 Nf6 6. e5 Nfd7 7. N2f3 Nc6 8.
Bf4 Qb6 9. Rb1 Bc5 10. c3 O-O 11. Bd3 f6 12. Nxe6 Bxf2+ 13. Kf1 Re8 14. Nfg5
fxg5 15. Bxh7+ Kf7 16. Qh5+ Kxe6 17. Qxe8+ Ne7 18. Bxg5 Bc5 19. Bg8+ Kf5 20.
Bxe7 Nxe5 21. Qf8+ Kg6 22. Bxc5 Qb5+ 23. Kf2 Bf5 24. Bh7+ Kh6 25. Qxf5 1-0

[Event "Titled Tue 24th Jun Early"]
[Site "chess.com INT"]
[Date "2025.06.24"]
[Round "1"]
[White "Zhigalko, Sergei"]
[Black "Gajic, Mladen"]
[Result "1-0"]
[WhiteTitle "GM"]
[BlackTitle "FM"]
[WhiteElo "2572"]
[BlackElo "2246"]
[WhiteFideId "13502956"]
[BlackFideId "1709178"]
[EventDate "2025.06.24"]

1. e4 Nf6 2. e5 Nd5 3. d4 d6 4. Nf3 Nc6 5. Bb5 a6 6. Bxc6+ bxc6 7. c4 Nb6 8. Qe2
g6 9. O-O Bg7 10. h3 O-O 11. Re1 a5 12. Bg5 f6 13. Bh4 a4 14. Nbd2 g5 15. Bg3 h6
16. exd6 exd6 17. c5 dxc5 18. dxc5 Nd5 19. Rad1 Bd7 20. Nd4 Rb8 21. Ne6 Bxe6 22.
Qxe6+ Kh8 23. Qxc6 Nb4 24. Qxc7 Rc8 25. Qxd8 Rfxd8 26. Ne4 Nd3 27. Nd6 Nxe1 28.
Nf7+ Kg8 29. Rxd8+ Rxd8 30. Nxd8 Nd3 31. c6 1-0

[Event "Titled Tue 24th Jun Early"]
[Site "chess.com INT"]
[Date "2025.06.24"]
[Round "1"]
[White "Cori Quispe, Kevin Joel"]
[Black "Sitnic, Adnan"]
[Result "1-0"]
[WhiteTitle "GM"]
[BlackTitle "CM"]
[WhiteElo "2464"]
[BlackElo "2058"]
[WhiteFideId "3814017"]
[BlackFideId "14403854"]
[EventDate "2025.06.24"]

1. d4 Nf6 2. c4 e6 3. Nc3 Bb4 4. e3 Bxc3+ 5. bxc3 c5 6. Bd3 d6 7. Ne2 O-O 8. O-O
e5 9. e4 Nc6 10. d5 Na5 11. Bg5 h6 12. Bh4 g5 13. Bg3 b6 14. f4 exf4 15. Nxf4
Bg4 16. Qd2 Nd7 17. Ne2 Ne5 18. Bxe5 dxe5 19. Ng3 f6 20. h3 Bd7 21. Rf2 Qe7 22.
Raf1 Rf7 23. Be2 Raf8 24. Qd3 Kh7 25. Bh5 Rg7 26. Bg4 Bxg4 27. hxg4 Rgf7 28. Nf5
Qd7 29. Qh3 Nxc4 30. Nxh6 Kg7 31. Nxf7 Rxf7 32. Qh5 Nd6 33. Rf3 Nxe4 34. Rh3 Kf8
35. c4 Nd6 36. Qg6 Ke7 37. Rh7 Rxh7 38. Qxf6+ Ke8 39. Qf8# 1-0

[Event "Titled Tue 24th Jun Early"]
[Site "chess.com INT"]
[Date "2025.06.24"]
[Round "1"]
[White "Mecit, Emre"]
[Black "Dann, Matthias"]
[Result "0-1"]
[BlackTitle "IM"]
[WhiteElo "2007"]
[BlackElo "2446"]
[WhiteFideId "6304214"]
[BlackFideId "24638056"]
[EventDate "2025.06.24"]

1. e4 c5 2. Nf3 d6 3. d4 cxd4 4. Nxd4 Nf6 5. Nc3 a6 6. Bg5 Nbd7 7. f4 Qc7 8. Qf3
b5 9. O-O-O Bb7 10. Bd3 g6 11. Bxf6 Nxf6 12. Nd5 Nxd5 13. exd5 Bg7 14. Nc6 Bxc6
15. dxc6 Rc8 16. Be4 e6 17. Rhe1 O-O 18. Kb1 d5 19. Bd3 Qd6 20. a3 Rxc6 21. g4
b4 22. a4 b3 23. cxb3 Rb8 24. Bc2 Qb4 25. f5 Rbc8 26. Re2 Qc5 27. fxe6 fxe6 28.
Qe3 Qxe3 29. Rxe3 Rxc2 0-1

[Event "Titled Tue 24th Jun Early"]
[Site "chess.com INT"]
[Date "2025.06.24"]
[Round "1"]
[White "Bakalchuk, Johnatan"]
[Black "Lerch, Johannes"]
[Result "1-0"]
[WhiteTitle "IM"]
[BlackTitle "FM"]
[WhiteElo "2438"]
[BlackElo "2204"]
[WhiteFideId "2810301"]
[BlackFideId "1658069"]
[EventDate "2025.06.24"]

1. e4 Nc6 2. Nc3 e5 3. f4 exf4 4. Nf3 g5 5. h4 g4 6. Ng5 d6 7. d4 h6 8. Nxf7
Kxf7 9. Bc4+ Kg7 10. Bxf4 Be7 11. Qd2 Nf6 12. O-O-O Nh5 13. Be3 Na5 14. Be2 Be6
15. d5 Bf7 16. b4 Bf6 17. bxa5 Ng3 18. Bd4 Nxh1 19. Rxh1 Bxd4 20. Qxd4+ Qf6 21.
Qc4 h5 22. Rf1 Qxh4 23. Qxc7 Rhf8 24. Qxd6 Qg5+ 25. Kb2 Rac8 26. Qd7 Qe3 27.
Rxf7+ Rxf7 28. Qxc8 Rf2 29. Qxb7+ Kh6 30. d6 Qd4 31. d7 Rxe2 32. Qa6+ Kg5 33.
Qxe2 Qxd7 34. e5 Qd4 35. a3 1-0

[Event "Titled Tue 24th Jun Early"]
[Site "chess.com INT"]
[Date "2025.06.24"]
[Round "1"]
[White "Vaganian, Rafael A"]
[Black "Garde, Guillaume"]
[Result "1-0"]
[WhiteTitle "GM"]
[BlackTitle "CM"]
[WhiteElo "2449"]
[BlackElo "2211"]
[WhiteFideId "13300016"]
[BlackFideId "45138273"]
[EventDate "2025.06.24"]

1. d4 d5 2. c4 Nc6 3. Nf3 e5 4. e3 exd4 5. exd4 Bb4+ 6. Nc3 Nf6 7. Bg5 O-O 8.
cxd5 Qxd5 9. Bxf6 gxf6 10. Be2 Bxc3+ 11. bxc3 Kh8 12. O-O Rg8 13. Re1 Bh3 14. g3
Rae8 15. c4 Qf5 16. Nh4 Qd7 17. d5 Ne5 18. Qd2 Bg4 19. Qf4 Qd8 20. Kg2 Bxe2 21.
Rxe2 Ng6 22. Nxg6+ fxg6 23. Rae1 Kg7 24. Rxe8 Rxe8 25. Rxe8 Qxe8 26. Qxc7+ Kh6
27. Qf4+ Kg7 28. c5 g5 29. Qf5 Qb5 30. d6 Qc6+ 31. Qf3 Qd7 32. Qd5 Kf8 33. h3
Kg7 34. g4 Kf8 35. Kf3 Kg7 36. Kg3 Kf8 37. f4 gxf4+ 38. Kxf4 a6 39. Qf5 Qd8 40.
Qxh7 Qa5 41. Qe7+ Kg8 42. d7 Qb4+ 43. Kf5 Qb1+ 44. Kxf6 Qb2+ 45. Ke6 Qxa2+ 46.
Kd6 Qh2+ 47. Qe5 Qd2+ 48. Qd5+ 1-0